000 01220namaa2200325 i 4500
003 EG-GICUC
005 20260303105618.0
008 260303s2019 ua |||jr|||| 000 0 ara d
017 _a2019 / 2340
_bدار الكتب والوثائق القومية (مصر)
020 _a9789778541830
040 _aEG-GiCUC
_bara
_cEG-GiCUC
_dEG-GiCUC
_erda
082 0 4 _221
_a810.9
_bU849a
092 0 4 _221
_a810.9
_bU849a
099 _a810.9 U849a
100 1 _aعصفور، جابر
_eمؤلف.
245 1 _aآفاق العصر /
_cتأليف جابر عصفور.
250 _aطبعة مزيدة منقحة
264 _aالجيزة (مصر) :
_bالهيئة العامة لشئون المطابع الاميرية،
_c2019.
300 _a260 صفحة ؛
_c24 سم
_bإيضاحيات، صور، مثيليات ؛ Illustrations
336 _2rdacontent
_atext
337 _2rdamedia
_aUnmediated
338 _2rdacarrier
_avolume
504 _a.
541 _aد. جابر عصفور ؛
_bالقاهرة ؛
_cإهداء ؛
_d2024.
650 1 7 _aالادب العربى
_xتاريخ و نقد
_2qrmak
650 1 7 _aالمقالات العربية
_2qrmak
651 1 _2qrmak
905 _aAya
942 _2ddc
_cBK
_e21
_n0
999 _c178830
_d178830